<?xml version="1.0" encoding="UTF-8"?>
<record
    xmlns:xsi="http://www.w3.org/2001/XMLSchema-instance"
    xsi:schemaLocation="http://www.loc.gov/MARC21/slim http://www.loc.gov/standards/marcxml/schema/MARC21slim.xsd"
    xmlns="http://www.loc.gov/MARC21/slim">

  <leader>01377    a2200193   4500</leader>
  <controlfield tag="001">54224</controlfield>
  <controlfield tag="005">20260407155812.0</controlfield>
  <controlfield tag="008">260407a1971    arg                 spa d</controlfield>
  <controlfield tag="003">AR-UNSa-BCEJYS</controlfield>
  <datafield tag="040" ind1=" " ind2=" ">
    <subfield code="a">AR-UNSa-BCEJYS</subfield>
    <subfield code="b">spa</subfield>
    <subfield code="c">AR-UNSa-BCEJYS</subfield>
  </datafield>
  <datafield tag="080" ind1=" " ind2=" ">
    <subfield code="a">336.744</subfield>
    <subfield code="x">Moneda universal, mundial. Moneda internacional. Convenciones monetarias internacionales. Pa&#xED;ses con la misma moneda (Econom&#xED;a Monetaria Internacional)</subfield>
  </datafield>
  <datafield tag="245" ind1="1" ind2="0">
    <subfield code="a">D&#xF3;lares y d&#xE9;ficit</subfield>
  </datafield>
  <datafield tag="264" ind1=" " ind2="1">
    <subfield code="a">Buenos Aires :</subfield>
    <subfield code="b">Emec&#xE9;</subfield>
    <subfield code="c">1971</subfield>
  </datafield>
  <datafield tag="300" ind1=" " ind2=" ">
    <subfield code="a">328 p.</subfield>
    <subfield code="c">18 cm.</subfield>
  </datafield>
  <datafield tag="505" ind1=" " ind2=" ">
    <subfield code="a">Primera parte: Inflaci&#xF3;n - 1. Inflaci&#xF3;n.Causas y consecuencias - 2. &#xBF;Por qu&#xE9; la econom&#xED;a norteamericana est&#xE1; cubierto de la depresi&#xF3;n? - 3. &#xBF;Cu&#xE1;l es el precio de las pautas oficiales? - Segunda parte: Pol&#xED;tica monetaria - 4. Las lecciones de la historia monetaria de los Estados Unidos y su significacci&#xF3;n en la pol&#xED;tica actual - 5. Pol&#xED;tica monetaria actual - 6. &#xBF;Deber&#xED;a haber una autoridad monetaria independiente? - 7. La demanda de moneda - Tercera parte: El balance de pagos - 8. &#xBF;A qu&#xE9; se debe la escasez de d&#xF3;lares? - 9. Tipos de cambio libres - 10. El oro y el d&#xF3;lar;Mayo de 1967-Marzo de 1968 - 11. Patr&#xF3;n oro real y pseudo patr&#xF3;n oro - 12. La econom&#xED;a pol&#xED;tica en los acuerdos monetarios internacionales</subfield>
  </datafield>
  <datafield tag="942" ind1=" " ind2=" ">
    <subfield code="c">BK</subfield>
  </datafield>
  <datafield tag="590" ind1=" " ind2=" ">
    <subfield code="a">niveau_biblio:m niveau_hierar:0</subfield>
  </datafield>
  <datafield tag="100" ind1="1" ind2=" ">
    <subfield code="a">Friedman, Milton</subfield>
  </datafield>
  <datafield tag="999" ind1=" " ind2=" ">
    <subfield code="c">5395</subfield>
    <subfield code="d">5395</subfield>
  </datafield>
  <datafield tag="952" ind1=" " ind2=" ">
    <subfield code="0">0</subfield>
    <subfield code="1">0</subfield>
    <subfield code="4">0</subfield>
    <subfield code="7">0</subfield>
    <subfield code="a">BCEJYS</subfield>
    <subfield code="b">BCEJYS</subfield>
    <subfield code="c">16</subfield>
    <subfield code="d">2026-04-07</subfield>
    <subfield code="l">0</subfield>
    <subfield code="o">336.744 F899d</subfield>
    <subfield code="p">L33684</subfield>
    <subfield code="r">2026-04-07 15:58:12</subfield>
    <subfield code="w">2026-04-07</subfield>
    <subfield code="y">L</subfield>
  </datafield>
</record>
